| 000 | 01123cam a2200325 4500 | ||
|---|---|---|---|
| 008 | 090401t1997 xxu||||| |||| 00| 0 eng d | ||
| 020 | _a0102730989 | ||
| 035 | _a(Sirsi) u80638 | ||
| 041 | _aeng | ||
| 050 | _a350.713 | ||
| 110 |
_aUnited Kingdom _bNational Audit Office _91350 |
||
| 245 | _aReport by the Comptroller and Auditor general: Ministry of Defence: the sale of the married quarters estate. | ||
| 260 |
_aLondon _bStationery Office _c1997 |
||
| 300 | _a78p. ; 30cm. | ||
| 350 | _a10.75 | ||
| 490 |
_aHC _v239 |
||
| 520 | _aExamines the sale of the Ministry of defence`s married quarters estate to the Annington Group of companies for £1,662 million. The report concludes that the objectives of the sale were achieved and the sale process was well managed. | ||
| 650 | _aANNINGTON GROUP | ||
| 650 | _aDEFENCE ESTATE | ||
| 650 | _aHOUSE SALES | ||
| 650 | _aHOUSING MANAGEMENT | ||
| 650 | _aMARRIED QUARTERS | ||
| 650 | _aMINISTRY OF DEFENCE | ||
| 650 | _aPRIVATE SECTOR | ||
| 650 | _aPROPERTY SALES | ||
| 650 | _aRENT REVIEWS | ||
| 690 | _aHOUSING | ||
| 942 | _n0 | ||
| 948 | _c02/09/1997 | ||
| 999 |
_c96625 _d96625 |
||